000 00533nam a22001937a 4500
003 KOHA_MİRAKIL
005 20251209081435.0
008 251209b tu ||||| |||| 00| 0 tur d
020 _a9786254271809
040 _aTR-AnABB
_btur
_cTR-AnABB
041 _atur
082 _a303.4
_bTUR 2022
100 1 _aYazıcı, Hasan,
245 1 0 _aTürkiye'nin toplumsal yapısı /
_cHasan Yazıcı
260 _aAnkara :
_bNobel Yayınları,
_c2022
300 _a708 sayfa ;
_c25 cm
650 0 4 _aSosyal yapı
942 _2ddc
_cBK
999 _c9703
_d9703
900 _bGizem YORULMAZ